000 004470000a22001690004500
003 MACL
005 20160221140025.0
008 160221b xxu||||| |||| 00| 0 eng d
040 _aMACL
_cMACL
041 _aHindi
082 _a320
100 _aडॉ हरीश शर्मा
_939478
245 _aमुद्रा का उदगम एवं विकास
350 _a23
650 _aEconomics
_939479
942 _cHIN
_k330
_2ddc
999 _c26573
_d26573